=LDR 00000nam 2200000 4500 =001 INLIS000000000052141 =005 20180123124447 =035 ##$$a 0010-0118000329 =007 ta =008 180123###########################0###### =020 ##$$a 978-979-769-932-1 =082 ##$$a 519.5 =084 ##$$a 519.5 ABZ p =100 #$$a Abzar Asra =245 1#$$a Pengantar Statistika 1 : $b Panduan Bagi Pengajar Dan Mahasiswa /$c Prof. Abzar Asra M.Se.Ph.J =250 ##$$a cet.1 =260 ##$$a Jakarta :$b Rajawali Pers,$c 2016 =300 ##$$a xix, 175 hlm ; $c 26 cm =650 ##$$a Statistik =504 ##$$a Bibliografi : hlm. 167-169 =990 ##$$a 17241724 =990 ##$$a 17241724 =990 ##$$a 17241724 =990 ##$$a 17241724 =990 ##$$a 17241724 =990 ##$$a 21705766 =990 ##$$a 01201801724 =990 ##$$a 01201801725 =990 ##$$a 01201801726 =990 ##$$a 01201801727 =990 ##$$a 21705767 =990 ##$$a 01201801724 =990 ##$$a 01201801725 =990 ##$$a 01201801726 =990 ##$$a 21705766 =990 ##$$a 21705768 =990 ##$$a 01201801724 =990 ##$$a 01201801725 =990 ##$$a 21705767 =990 ##$$a 21705766 =990 ##$$a 21705769 =990 ##$$a 01201801724 =990 ##$$a 21705768 =990 ##$$a 21705767 =990 ##$$a 21705766 =990 ##$$a 21705770 =990 ##$$a 21705769 =990 ##$$a 21705768 =990 ##$$a 21705767 =990 ##$$a 21705766